000 00636nam a2200205Ia 4500
003 GCL
008 140319s9999 xx 000 0 ara d
040 _aGCL /
_cGCL
082 0 4 _a812.043
_bع ع
100 1 _aعلى احمد باكثير
245 1 0 _aالملحمة الاسلامية الكبرى: عمر /
_cعلى احمد باكثير
260 _aالقاهرة :
_bمكتبة مصر ،
_c1985
300 _a3 مج ؛
_c20 سم
490 _a
650 0 4 _aالاسلام
650 0 4 _aعمر بن الخطاب
650 0 4 _aالمسرح العربى
650 0 4 _aالمسرحيات العربية
942 _2ddc
_cBK
999 _c34400
_d34400